000 01212nam a2200217Ia 4500
003 OSt
005 20241003152208.0
007 ca aa aaaaa
008 201103s9999 xx 000 0 und d
040 _cSSBUL
041 _abur
082 _a၂၉၄.၃ လယ်
_b၉၁၆၅ S-SAT
100 0 _aလယ်တီဆရာတော်ဘုရားကြီး
245 1 0 _aလယ်တီဒီပနီပေါင်းချုပ်၊ ၃ ကျမ်းတွဲ၊ ဝိပဿနာဒီပနီ၊ နိယာမဒီပနီ၊ ပဋ္ဌာနုဒ္ဒေသဒီပနီ /
_cလယ်တီဆရာတော်ဘုရားကြီး၊ ဘာသာပြန်သူ ဆရာတော်အရှင် ဉာဏ။
260 _aရန်ကုန် ၊
_bမိခင်ဧရာဝတီစာအုပ်တိုက်၊
_c၂၀၀၇။
300 _a၅၇၀ စာမျက်နှာ ၊
_c၂၃ စင်တီ။
500 _a အင်္ဂလိပ်- မြန်မာနှစ်ဘာသာဖြင့်ရေးသားထားသည်
500 _aS-SAT: Dr. Sai Aung Tun
650 _aဗုဒ္ဓဘာသာ
942 _2ddc
_cBK1
999 _c16711
_d16711